Бурение и нефть: специализированный журнал

Bibliografiske detaljer
Forrige titel:Бурение
Institution som forfatter: ООО "Бурнефть"
Summary:С 2020 г. подписка в электронном виде
Предыдущее название журнала: Бурение (с 1963 по 2002 год)
Специализированный журнал. Журнал является ВАКовским изданием и предназначен для работников нефтегазовой отрасли.
Sprog:russisk
Udgivet: Москва, 2002-
Fag:
Online adgang:Журнал на платформе eLIBRARY по подписке ТПУ
Официальный сайт журнала
Format: Electronisk Serial
KOHA link:https://koha.lib.tpu.ru/cgi-bin/koha/opac-detail.pl?biblionumber=382480

MARC

LEADER 00000nas1a2200000 4500
001 382480
005 20231130092140.0
011 |a 2072-4799 
035 |a (RuTPU)RU\TPU\prd\6484 
035 |a RU\TPU\prd\2387 
090 |a 382480 
100 |a 20020916a20029999k||y0rusy50 ca 
101 0 |a rus 
102 |a RU 
110 |a afaz|||0yy0 
200 1 |a Бурение и нефть  |e специализированный журнал  |f ООО "Бурнефть" 
210 |a Москва  |d 2002- 
300 |a С 2020 г. подписка в электронном виде 
300 |a Предыдущее название журнала: Бурение (с 1963 по 2002 год) 
326 |a 12 номеров в год 
330 |a Специализированный журнал. Журнал является ВАКовским изданием и предназначен для работников нефтегазовой отрасли. 
430 |0 380762  |t Бурение  |o научно-практический журнал  |c Москва  |d 1963-2002  |9 380762 
606 1 |a Буровое дело  |9 53616 
606 1 |a Нефтегазодобывающая промышленность  |9 64770 
675 |a 622.24  |v 4  |z rus 
675 |a 622.323  |v 4  |z rus 
712 0 2 |a ООО "Бурнефть" 
801 1 |a RU  |b 63413507  |c 20020314  |g PSBO 
801 2 |a RU  |b 63413507  |c 20231129  |g PSBO 
856 4 |u http://elibrary.ru/title_about.asp?id=8446  |z Журнал на платформе eLIBRARY по подписке ТПУ 
856 4 |u http://www.burneft.ru  |z Официальный сайт журнала 
942 |c CR